<?xml version="1.0" encoding="UTF-8"?>
<record
    xmlns:xsi="http://www.w3.org/2001/XMLSchema-instance"
    xsi:schemaLocation="http://www.loc.gov/MARC21/slim http://www.loc.gov/standards/marcxml/schema/MARC21slim.xsd"
    xmlns="http://www.loc.gov/MARC21/slim">

  <leader>00885nab a2200253 uc4500</leader>
  <controlfield tag="001">635626</controlfield>
  <controlfield tag="005">20251112100840.0</controlfield>
  <controlfield tag="008">001110e20000901                    spa  </controlfield>
  <datafield tag="035" ind1=" " ind2=" ">
    <subfield code="a">635626</subfield>
  </datafield>
  <datafield tag="035" ind1=" " ind2=" ">
    <subfield code="a">(OCoLC)819860726</subfield>
  </datafield>
  <datafield tag="040" ind1=" " ind2=" ">
    <subfield code="c">comduadb</subfield>
  </datafield>
  <datafield tag="041" ind1=" " ind2=" ">
    <subfield code="a">spa</subfield>
  </datafield>
  <datafield tag="100" ind1="1" ind2="0">
    <subfield code="a">Hoyos V&#xE1;squez, Guillermo,</subfield>
    <subfield code="d">1935-2013</subfield>
    <subfield code="4">aut</subfield>
    <subfield code="0">(isni)0000000080875392</subfield>
    <subfield code="0">(viaf)7924460</subfield>
    <subfield code="e">aut</subfield>
    <subfield code="9">856088</subfield>
  </datafield>
  <datafield tag="245" ind1="1" ind2="0">
    <subfield code="a">Ciencia, tecnologia y etica</subfield>
  </datafield>
  <datafield tag="650" ind1=" " ind2="7">
    <subfield code="a">Ciencia y tecnolog&#xED;a</subfield>
    <subfield code="2">lemb</subfield>
    <subfield code="9">44988</subfield>
  </datafield>
  <datafield tag="650" ind1=" " ind2=" ">
    <subfield code="a">T&#xE9;cnica</subfield>
    <subfield code="9">24475</subfield>
  </datafield>
  <datafield tag="650" ind1=" " ind2="7">
    <subfield code="a">&#xC9;tica ambiental</subfield>
    <subfield code="2">armarc</subfield>
    <subfield code="9">26164</subfield>
  </datafield>
  <datafield tag="650" ind1=" " ind2="7">
    <subfield code="a">Cultura cient&#xED;fica</subfield>
    <subfield code="2">lemb</subfield>
    <subfield code="9">28010</subfield>
  </datafield>
  <datafield tag="650" ind1=" " ind2="7">
    <subfield code="a">Sociedad civil</subfield>
    <subfield code="2">lemb</subfield>
    <subfield code="9">10298</subfield>
  </datafield>
  <datafield tag="650" ind1=" " ind2="7">
    <subfield code="a">Tecnolog&#xED;a</subfield>
    <subfield code="x">Aspectos sociales</subfield>
    <subfield code="2">embne</subfield>
    <subfield code="9">44231</subfield>
  </datafield>
  <datafield tag="650" ind1=" " ind2="7">
    <subfield code="a">Tecnolog&#xED;a y &#xE9;tica</subfield>
    <subfield code="2">lemb</subfield>
    <subfield code="9">113973</subfield>
  </datafield>
  <datafield tag="773" ind1="0" ind2=" ">
    <subfield code="t">Los Cuadernos de la Escuela (Medell&#xED;n)</subfield>
    <subfield code="g">No. 06, Sep. 2000, p. 11-169</subfield>
    <subfield code="w">600564</subfield>
    <subfield code="x">0124-1281</subfield>
    <subfield code="0">153387</subfield>
  </datafield>
  <datafield tag="942" ind1=" " ind2=" ">
    <subfield code="c">ARIMP</subfield>
  </datafield>
  <datafield tag="999" ind1=" " ind2=" ">
    <subfield code="c">170250</subfield>
    <subfield code="d">170250</subfield>
  </datafield>
</record>
